000 00649nam a2200217Ia 4500
003 GCL
008 140319s9999 xx 000 0 ara d
040 _aGCL /
_cGCL
082 0 4 _a953.04
_bى ت
100 1 _aيوسف العش
245 1 0 _aتاريخ عصر الخلافة العباسية /
_cيوسف العش
700 1 _aمحمد ابوالفرج العش
250 _aالاولى
260 _aالقاهرة :
_bدار الفكر ،
_c1990
300 _a295 ص ؛
_c24 سم
490 _a
650 0 4 _aالخلافة
650 0 4 _aالتاريخ الاسلامى
650 0 4 _aالدولة العباسية
942 _2ddc
_cBK
999 _c37625
_d37625